| 000 | 00646nam a2200253 a 4500 | ||
|---|---|---|---|
| 005 | 20210219153114.0 | ||
| 008 | 991125n 000 0 spa u | ||
| 035 | _aUPN01000078185 | ||
| 100 | 1 | _aMoreno, Isidro | |
| 222 | 1 | _aAULA DE INNOVACION EDUCATIVA | |
| 245 | 0 | 3 | _aLa evaluación en lengua castellana |
| 260 | _aBarcelona, España | ||
| 300 | _a45-52 | ||
| 362 | 0 | _a1994 No. 31, oct. | |
| 653 | 0 | _aAPRENDIZAJE | |
| 653 | 0 | _aCOMUNICACION VERBAL | |
| 653 | 0 | _aENSEÑANZA | |
| 653 | 0 | _aESPAÑA | |
| 653 | 0 | _aEXPRESION ORAL | |
| 700 | 1 | _aCórdoba, Inmaculada, | |
| 700 | 1 | _ecoaut. | |
| 904 |
_aAC _b015996 |
||
| 905 | _aArticulo | ||
| 999 |
_c68564 _d68564 |
||